000 00476nam a22001697a 4500
999 _c40621
_d40621
003 OSt
005 20201020125422.0
008 191016b ||||| |||| 00| 0 eng d
020 _a9780091816971
040 _coclc
082 _a155.24
_bJOH/W
100 _aJohnson, Spencer
_95947
245 _aWho Moved My Cheese ? /
_cSpencer Johnson
260 _aLondon:
_bVermilion ,
_c1999.
300 _a96p
942 _2ddc
_cBK
_h155.24
_iJOH/W
_k155.24
_mJOH/W